地下鉄がない区 - Statistics

General Stats
  • This quiz has been taken 6 times
  • The average score is 12 of 17
Answer Stats
Hint Answer % Correct
東京特別区 世田谷区
100%
札幌市 清田区
80%
横浜市 鶴見区
80%
横浜市 磯子区
80%
名古屋市 守山区
80%
京都市 西京区
80%
大阪市 西淀川区
80%
神戸市 東灘区
80%
神戸市 灘区
80%
神戸市 垂水区
80%
福岡市 南区
80%
札幌市 手稲区
60%
横浜市 保土ヶ谷区
60%
横浜市 旭区
60%
横浜市 金沢区
60%
横浜市 栄区
60%
横浜市 瀬谷区
40%
No matching quizzes found
Score Distribution
Percent of People with Each Score
Percentile by Number Answered
Your Score History
You have not taken this quiz